|
|
|
|
| LEADER |
01013nam a2200277 u 4500 |
| 001 |
10038091 |
| 003 |
upatras |
| 005 |
20210117195747.0 |
| 008 |
001204s1999 us eng |
| 020 |
|
|
|a 0631204938
|q ((hbk))
|
| 020 |
|
|
|a 0631204946
|q ((pkk))
|
| 040 |
|
|
|a GR-PaULI
|c GR-PaULI
|
| 041 |
0 |
|
|a eng
|
| 082 |
0 |
4 |
|a 153
|
| 245 |
1 |
0 |
|a What is cognitive science?
|c Edited by Ernest Lepore and Zenon Pylyshyn
|
| 260 |
|
|
|a Malden, Massachusetts
|b Blackwell Publishers
|c 1999
|
| 300 |
|
|
|a ix, 435 p.
|c 24 cm.
|
| 504 |
|
|
|a Includes references and index
|
| 650 |
|
4 |
|a Γνώση
|9 419
|
| 700 |
1 |
|
|a Lepore, Ernest
|d 1950-
|4 edt
|9 25943
|
| 700 |
1 |
|
|a Pylyshyn, Zenon W.
|4 edt
|9 25944
|
| 852 |
|
|
|a GR-PaULI
|b ΠΑΤΡΑ
|b ΦΙΛΟΣΟΦΙΑ
|k ΑΣΧΞ-4
|h 153 L
|m 480
|p 025000096139
|t 1
|
| 942 |
|
|
|2 ddc
|c BK15
|
| 952 |
|
|
|0 0
|1 0
|4 0
|6 153_000000000000000_L
|7 0
|9 24202
|a PHIL
|b PHIL
|d 2016-04-24
|i 480
|l 0
|o 153 L
|p 025000096139
|r 2016-04-24 00:00:00
|t 1
|w 2016-04-24
|y BK15
|
| 998 |
|
|
|c Μπουζαμανάκη
|d 2000-12
|
| 999 |
|
|
|c 15234
|d 15234
|